000 01307nam a2200313Ia 4500
003 gtgcusco
005 20250717094947.0
008 250707t1995||||xx |||||||||||||| ||spa||
040 _agtgcusco
_bspa
_cgtgcusco
_dgtgcusco
041 _aspa
084 _aT1522
100 _aÁvila Argueta, Eustaquio Cupertino
_914035
245 0 _aDeterminación de residuos de materiales plásticos utilizados para la elaboración de piezas dentales con tratamiento de conductos radiculares, luego de ser incinerados. /
_cEustaquio Cupertino Avila Argueta. --
260 _aGuatemala :
_bUSAC,
_c1995
300 _a48 p. :
_bil. :
_c27 cm.
336 _atexto
_btxt
_2rdacontenido
337 _aSin mediación
_bn
_2rdamedio
338 _avolumen
_bnc
_2rdasoporte
502 _aTesis (Cirujano Dentista) -- Universidad de San Carlos de Guatemala, Facultad de Odontología. --
650 _aAdhesión en plástico
_914036
650 _aMateriales dentales
_9757
650 _aIncrustaciones
_92598
650 _aPlásticos - Desechos
_914037
650 _aCavijas dentales
_914038
650 _aTécnicas de perno muñon
_98521
700 _aMorales Aldana, Marcelo
_easesor
_914039
856 _uhttp://biblioteca.usac.edu.gt/tesis/09/09_1188.pdf
942 _aBiblioteca Facultad de Odontología
_cTESIS
_kT1522
_n0
999 _c5838
_d5838